000 00474nam a2200205Ia 4500
005 20250425162147.0
008 250425s9999 xx 000 0 und d
020 _a8448130723
041 _aspa
082 _a005.132
110 _aMICROSOFT CORPORATION
245 0 _aASI ES MICROSOFT VISUAL STUDIO .NET
250 _a1A ED.
260 _aEspaƱa
_bMCGRAW HILL
_c2001
260 _aMADRID
300 _a151
650 _aVISUAL
942 _c01
010 _a53910
999 _c223568
_d223568